Beiträge zur wirtschaftlichen Entwickelungsgeschichte der Vereinigten Niederlande im 17. und 18. Jahrhundert. (Record no. 23800)
[ view plain ]
| 000 -LEADER | |
|---|---|
| fixed length control field | 00762cam a22002171 4500 |
| 001 - CONTROL NUMBER | |
| control field | g 01001648 |
| 003 - CONTROL NUMBER IDENTIFIER | |
| control field | DLC |
| 005 - DATE AND TIME OF LATEST TRANSACTION | |
| control field | 20260227111255.0 |
| 008 - FIXED-LENGTH DATA ELEMENTS--GENERAL INFORMATION | |
| fixed length control field | 890214s1890 gw 000 0 ger |
| 010 ## - LIBRARY OF CONGRESS CONTROL NUMBER | |
| LC control number | g 01001648 |
| 035 ## - SYSTEM CONTROL NUMBER | |
| System control number | (OCoLC)19213358 |
| 040 ## - CATALOGING SOURCE | |
| Original cataloging agency | DLC |
| Transcribing agency | WaU |
| Modifying agency | DLC |
| 042 ## - AUTHENTICATION CODE | |
| Authentication code | premarc |
| 050 00 - LIBRARY OF CONGRESS CALL NUMBER | |
| Classification number | HB41 |
| Item number | .S7 bd. 10, heft 3 |
| 100 1# - MAIN ENTRY--PERSONAL NAME | |
| Personal name | Pringsheim, Otto, |
| Dates associated with a name | 1860- |
| 245 10 - TITLE STATEMENT | |
| Title | Beiträge zur wirtschaftlichen Entwickelungsgeschichte der Vereinigten Niederlande im 17. und 18. Jahrhundert. |
| Statement of responsibility, etc. | Von Dr. phil Otto Pringsheim ... |
| 260 ## - PUBLICATION, DISTRIBUTION, ETC. | |
| Place of publication, distribution, etc. | Leipzig, |
| Name of publisher, distributor, etc. | Duncker & Humblot, |
| Date of publication, distribution, etc. | 1890. |
| 300 ## - PHYSICAL DESCRIPTION | |
| Extent | viii, 126, [2] p. |
| Dimensions | 23 cm. |
| 490 0# - SERIES STATEMENT | |
| Series statement | Staats- und sozialwissenschaftliche Forschungen, |
| Volume/sequential designation | 10. Bd. 3. Hft. |
| 651 #0 - SUBJECT ADDED ENTRY--GEOGRAPHIC NAME | |
| Geographic name | Netherlands |
| General subdivision | Economic conditions. |
No items available.